000 00377nam a2200121Ia 4500
008 250110s9999 xx 000 0 und d
041 _aeng
100 _aPendharkar Sangeeta
245 _aFeasibility Study Of Generation Of Energy From Municipal Solid Waste In Case Of Nagpur, Maharashtra
260 _bBNCA M Arch EA, Pune
_c2017
300 _a43p
700 _aGuide Name:BNCA
999 _c364059
_d364059